| 000 | 00479nam a2200205Ia 4500 | ||
|---|---|---|---|
| 005 | 20240823055300.0 | ||
| 008 | 240823s9999||||xx |||||||||||||| ||und|| | ||
| 020 | _a0-486-43507-5 | ||
| 041 | _aENGLISH | ||
| 082 | _A539.757 P4 | ||
| 100 | _a"Goldberge,Marvin L" | ||
| 245 | 0 | _aCollision Theory | |
| 250 | _a1st | ||
| 260 |
_c2004 _bDover Publica |
||
| 500 | _aYES | ||
| 650 |
_aCollision _bMathematics |
||
| 700 | _a"Watson, Keneth M" | ||
| 942 | _cBK | ||
| 999 |
_c228418 _d228418 |
||